00345 a2200109 4500001001000000005001700010008004100027245005400068100002100122773007500143999001700218ART_5929320260410161823.0260409a 10aLa inadecuada costumbre fiscal de negar la prueba1 aVega, Gerardo E.0 tDoctrina Penal Tributaria y Económicag- N° 69 (sep. 2023)wREV4317 c22537d22537